| 000 | 00660nam a2200241Ia 4500 | ||
|---|---|---|---|
| 003 | OSt | ||
| 005 | 20220928125008.0 | ||
| 006 | a|||||r|||| 00| 0 | ||
| 007 | ta | ||
| 008 | 220927b |||||||| |||| 00| 0 eng d | ||
| 024 | _a71879 | ||
| 037 | _cTextual | ||
| 040 |
_aSDCL _cSDCL _beng |
||
| 041 |
_2eng _aeng |
||
| 082 | _aD6515, N9 | ||
| 100 |
_aRashid Muhammad H _9425034 |
||
| 245 | 0 |
_aMicroelectronic circuits _b Analysis and design . |
|
| 260 |
_aBoston _bP W S Publishing _c1999 |
||
| 300 |
_axvi,990p _ccm. |
||
| 650 |
_aMicroelectronics _9467481 |
||
| 942 |
_hD6515, N9 _cTEXL _2CC |
||
| 999 |
_c780335 _d780335 |
||